000 00804nam a2200253Ia 4500
003 OSt
005 20220926014516.0
006 a|||||r|||| 00| 0
007 ta
008 220923b |||||||| |||| 00| 0 eng d
037 _cGeneral Book
040 _aRTL
_cRTL
_beng
041 _2eng
_aeng
082 _aB7:3, L0
100 _aCanon Michael D, and others
_9320747
245 0 _aTheory of optimal control and mathematical program
260 _aNew York
_bMcGraw-Hill
_c1970
300 _axii,285p
_ccm.
490 _aMcGraw-Hill Series in Systems Science Ed by A V Balakrishnan
500 _aBibliography at the end of each chapter; Glossary: P 277-280
650 _aOptimization
942 _hB7:3, L0
_cGB
_2CC
999 _c629213
_d629213